000 00571nam a2200193 a 4500
001 16109
003 CO-ViMGA
008 141112s2004 ck r 000 u spa d
020 _a8476729634
040 _aCO-ViMGA
_bspa
_cCO-ViMGA
082 0 4 _a862.35 C153v
100 1 _aCalderón de la Barca, Pedro
_915416
245 1 0 _aLa vida es sueño :
_b(Drama y auto sacramental)
260 _aBarcelona (España) :
_bEdicomunicación s.a.1999
300 _a223.p.
590 _aForma de adquisición : Premio - Mincultura
650 1 4 _aTEATRO ESPAÑOL
_95746
942 _2ddc
_cBK
999 _c26034
_d26034